| 000 | 01677cam a22004694i 4500 | ||
|---|---|---|---|
| 003 | PE-LiUPU | ||
| 005 | 20250731173211.0 | ||
| 008 | 150625s1976 nyu rb 000 0 eng d | ||
| 035 | _a(Sirsi) a32300 | ||
| 040 |
_aPE-LiUPU _bspa _cPE-LiUPU _erda |
||
| 049 | _aPRUA | ||
| 082 | 0 | 4 |
_a220.05 _bUBSTH _221 |
| 100 | 1 |
_aDe Waard, Jan, _eautor. |
|
| 245 | 1 | 2 |
_aA translator's handbook on the book of Ruth / _cJan de Waard. |
| 264 | 1 |
_aNew York : _bUnited Bible Societies, _c1976. |
|
| 300 |
_a110 páginas ; _c24 centímetros. |
||
| 336 |
_atext _2rdacontent |
||
| 337 |
_aunmediated _2rdamedia |
||
| 338 |
_avolume _2rdacarrier |
||
| 490 | 0 | _aUnited Bible Societies. Translator's Handbook | |
| 504 | _aIncluye bibliografía. | ||
| 505 | 0 | _aPrefaces to first and second editions -- Abbreviations used in this volume -- Translating the book of Ruth -- Treatment of the text -- Notes -- Bibliography -- Glossary. | |
| 526 | _aSEG42 | ||
| 526 | _aSEG41 | ||
| 526 | _aSEG40 | ||
| 526 | _aSEG39 | ||
| 526 | _aP94 | ||
| 526 | _aP87 | ||
| 526 | _aP86 | ||
| 526 | _aP85 | ||
| 526 | _aP77 | ||
| 526 | _aP76 | ||
| 526 | _aP35 | ||
| 630 | 0 | 4 |
_aBiblia. _pA.T. _pRuth _xComentarios. |
| 910 |
_cjvm _d20100225 |
||
| 942 |
_2ddc _cBOOK |
||
| 949 |
_a220.05 UBSTH 8 _wDEWEY _c1 _i38623 _lCCODEBUL1 _mBUL _p00.00 _r0 _sY _tBOOK _u2015-06-25 _xTEOLOGIA _zUNKNOWN _0COMPRA _o.STAFF. Colección General |
||
| 994 |
_aC0 _bPEPRU |
||
| 596 | _a1 | ||
| 999 |
_a220.05 UBSTH 8 _wDEWEY _c39938 _i38623 _f2021-11-9 _g5 _lCCODEBUL1 _mBUL _p38.00 _r0 _sY _tBOOK _u2015-6-25 _xTEOLOGIA _PP35 _0COMPRA _o.STAFF. Colección Teología _d39938 |
||
| 980 |
_81 _gALBERTO SANCHEZ Responsable de Automatización |
||